000 01274pam a2200373 a 4500
999 _c11263
_d11263
001 1022280
003 GZU
005 20240408123710.0
008 881020s1989 ctu 000 0 eng c
010 _a 88037935
020 _a0838501117
022 _aNo number
040 _aDNLM/DLC
_cDLC
_dDLC
050 1 0 _aRC457
_bEAS 1989
060 _aWM 18 E13pa
082 0 0 _a616.89/0076
_219
100 1 _aEasson, William M.,
_d1931-
245 1 0 _aAppleton & Lange's review of psychiatry/
_cWilliam M. Easson
250 _aFourth edition
_bWilliam M. Easson.
260 _aNorwalk, Conn.:
_bAppleton & Lange,
_cc1989.
300 _axiii, 161 pages;
_c28 cm.
440 0 _aArco medical review series
500 _aRev. ed. of: Psychiatry examination review. 3rd ed. 1983.
505 _tPsychiatry
520 _aOver 900 multiple choice
650 0 _aPsychiatry
_xExaminations, questions, etc.
650 2 _aPsychiatry
_xexamination questions.
700 1 _aEasson, William M.,
_d1931-
_tPsychiatry examination review.
740 0 _aReview of psychiatry.
740 0 _aAppleton and Lange's review of psychiatry.
906 _a7
_bcbc
_corignew
_d1
_eocip
_f19
_gy-gencatlg
942 _2lcc
_cBK
_eFourth edition
_h457
_iEAS
_kRC